00234nam a22000977a 4500003000400000082001400004100003200018245004700050260003100097300000800128SGT a320bA24T aठाकुर, रघु  aआमजन और राजनीती  bVL MEDIA. SOLUTIONS.c2024 a216